MARC

LEADER 00000nam0a2200000 4500
001 327360
005 20231102003943.0
035 |a (RuTPU)RU\TPU\book\353020 
090 |a 327360 
100 |a 20170128d1947 m y0rusy50 ca 
101 0 |a rus 
102 |a RU 
105 |a ac z 001zb 
200 1 |a Евгений Богратионович Вахтангов. 1883-1922  |f Н. Зограф 
210 |a Москва  |a Ленинград  |c Искусство  |d 1947 
215 |a 74 с.  |c ил. 
320 |9 572  |a Библиогр.: с. 74 
600 1 |a Вахтангов  |b Е. Б.  |c российский режиссер  |f 1883-1922  |g Евгений Багратионович  |c актер  |c педагог  |2 stltpush  |3 (RuTPU)RU\TPU\pers\10939 
606 1 |a Театр  |2 stltpush  |3 (RuTPU)RU\TPU\subj\58738  |9 76490 
610 1 |a театральная жизнь 
610 1 |a театральная культура 
610 1 |a театральные режиссеры 
610 1 |a театральные спектакли 
610 1 |a персоналии 
610 1 |a 20 век 
610 1 |a Россия 
675 |a 792  |v 4 
700 1 |a Зограф  |b Н. 
801 1 |a RU  |b 63413507  |c 20170128 
801 2 |a RU  |b 63413507  |c 20201002  |g RCR 
942 |c BK